Top 100 football players 2022/2023 - Statistiques

Statistiques générales
  • Ce quiz a été pris 2 351 fois
  • Le résultat moyen est 54 sur 100
Statistiques - réponses
Rank Team Réponse % Correct
2 Paris-SG Kylian Mbappé
99%
1 Paris-SG/Inter Miami Lionel Messi
99%
3 Manchester City Erling Haaland
96%
6 Real Madrid Vinicius Jr
92%
4 Manchester City Kevin De Bruyne
89%
16 Real Madrid/Al-Ittihad Karim Benzema
86%
11 Liverpool Mohamed Salah
86%
5 Manchester City Rodri
84%
20 Atletico Madrid Antoine Griezmann
81%
19 Tottenham/Bayern Munich Harry Kane
80%
18 Dortmund/Real Madrid Jude Bellingham
79%
40 Paris-SG/Al-Hilal Neymar Jr
79%
12 FC Barcelone Robert Lewandowski
79%
9 Manchester City Bernardo Silva
78%
10 Real Madrid Luka Modric
76%
8 Naples Victor Osimhen
75%
21 Inter Milan Lautaro Martinez
74%
31 Manchester City Ederson
73%
15 Aston Villa Emiliano Martinez
72%
13 Manchester City/FC Barcelone Ilkay Gundogan
72%
54 Manchester City Phil Foden
71%
23 Manchester City Ruben Dias
71%
51 FC Barcelone Pedri
70%
46 Real Madrid Thibaut Courtois
70%
22 Arsenal Bukayo Saka
68%
52 Real Madrid Rodrygo
66%
70 Real Madrid Toni Kroos
65%
47 FC Barcelone Gavi
64%
34 Francfort/Paris-SG Randal Kolo Muani
64%
17 Naples Khvicha Kvaratskhelia
63%
82 FC Barcelone/Paris-SG Ousmane Dembélé
63%
32 AC Milan Rafael Leaõ
63%
64 AC Milan Olivier Giroud
62%
41 Manchester City Jack Grealish
60%
7 Manchester City Julian Alvarez
57%
25 Arsenal Martin Odegaard
57%
57 Real Madrid Eduardo Camavinga
56%
74 Tottenham Heung-Min Son
56%
42 Manchester City/Al Ahli Riyad Mahrez
56%
59 Real Madrid Antonio Rudiger
55%
35 West Ham/Arsenal Declan Rice
55%
45 Paris-SG Achraf Hakimi
54%
37 Arsenal William Saliba
54%
53 Real Madrid Aurélien Tchouameni
53%
95 Manchester City/Bayern Munich Joao Cancelo
53%
33 AC Milan Mike Maignan
52%
90 Liverpool Virgil Van Dijk
52%
38 RB Leipzig/Chelsea Christopher Nkunku
51%
44 Arsenal Gabriel Jesus
51%
91 Paris-SG Gianluigi Donnarumma
51%
73 Bayern Munich Joshua Kimmich
51%
56 FC Barcelone Marc-Andre Ter Stegen
51%
81 Monchengladbach/Inter Marcus Thuram
51%
71 AC Milan Theo Hernandez
51%
28 RB Leipzig/Manchester City Josko Gvardiol
50%
30 Manchester United Marcus Rashford
50%
24 Inter Milan/Manchester Utd Andre Onana
49%
39 FC Barcelone Frenkie De Jong
49%
89 Paris-SG Marquinhos
49%
83 Lens/RB Leipzig Lois Openda
48%
50 Manchester United Bruno Fernandes
47%
36 Arsenal Gabriel Martinelli
46%
75 Real Sociedad/Newcastle Alexander Isak
45%
49 Real Madrid Federico Valverde
45%
26 Bayern Munich Jamal Musiala
45%
60 FC Barcelone Jules Koundé
45%
76 Inter Milan Romelu Lukaku
45%
58 FC Barcelone Ronald Araujo
45%
43 Benfica/Chelsea Enzo Fernandez
44%
72 Lille Jonathan David
44%
93 Shaktar/Chelsea Mykhailo Mudryk
43%
68 AC Milan/Newcastle Sandro Tonali
43%
77 Bayern Munich Thomas Muller
43%
27 Naples/Bayern Munich Kim Min-Jae
41%
84 PSV/RB Leipzig Xavi Simons
41%
65 Brighton/Liverpool Alexis Mac Allister
40%
86 Montpellier/Lens Elye Wahi
40%
29 Inter Milan Nicolo Barella
40%
55 Bayer Leverkusen/Aston Villa Moussa Diaby
38%
78 Liverpool Trent Alexander-Arnold
38%
79 Manchester United Casemiro
37%
85 AS Monaco Wissam Ben Yedder
37%
14 Séville Yassine Bounou
37%
92 Crystal Palace Michael Olise
36%
66 Lens Brice Samba
35%
88 Liverpool Darwin Nunez
34%
94 FC Barcelone Raphinha
34%
98 Bayern Munich Serge Gnabry
32%
63 Reims/AS Monaco Folarin Balogun
31%
48 Arsenal Aaron Ramsdale
30%
87 Atletico Madrid Alvaro Morata
30%
97 Brighton Kaoru Mitoma
30%
62 FC Barcelone Alejandro Balde
28%
100 Chelsea Raheem Sterling
28%
96 Atletico Madrid Rodrigo De Paul
26%
61 Newcastle Bruno Guimaraes
25%
80 Crystal Palace Eberechi Eze
22%
99 Dortmund/Bayern Munich Rafael Guerreiro
19%
69 Newcastle Callum Wilson
9%
67 Inter Milan Marcelo Brozovic
9%
Aucun quiz correspondant
Distribution des résultats
% des personnes avec chaque résultat
Percentile par nombre de réponses
Votre historique - résultats
Vous n’avez pas pris ce quiz